000 00626nam a2200157 a 4500
008 160512c19999999||||||||||||||||| || u
020 _a0120415550
050 _aCDQA 276.4 ABE
100 _aAbell, Martha L
245 1 0 _aStatistics with mathematica
_cby Martha L. Abell, James P. Braselton and John A. Rafter
_h[cd-rom]
260 _aSan Diego:
_bAcademic Press
_c1999
300 _a4 3/4 in.
650 0 _aMATHEMATICAL STATISTICS--DATA PROCESSING
650 _aMATHEMATICA (COMPUTER FILE)
995 _FCBU-MAIN LIBRARY (Kitwe)
_M1
_UAVAILABLE
_WMay 12, 2016
_Ze-Media Collection
999 _c58397
_d58397